| 000 | 00557nam a22001577u 4500 | ||
|---|---|---|---|
| 008 | 130405s1962 xxu||||| |||| 00| 0 spa d | ||
| 017 | _a11.509-1963 | ||
| 041 | _aspa | ||
| 110 | 2 |
_aComisión Católica de la Infancia (España) _944499 |
|
| 245 | 0 | 0 |
_aNecesidades de la infancia española _b:I Congreso nacional de la infancia española _cCOMISIÓN CATÓLICA DE LA INFANCIA (España) |
| 260 |
_aMadrid: _bComisión Católica Española de la infancia, _c1962 |
||
| 300 |
_a599 p. _c;24 cm. |
||
| 650 | 0 | 4 |
_aSociología _915857 |
| 942 | _cBK | ||
| 001 | 97473 | ||
| 999 |
_c286057 _d286057 |
||